| 000 | 00357nam a22001457a 4500 | ||
|---|---|---|---|
| 999 |
_c197510 _d197510 |
||
| 008 | 230824b ||||| |||| 00| 0 eng d | ||
| 082 | _aS-BOS | ||
| 100 | _a- | ||
| 245 |
_aFamous Fables from Aesop's _hEnglish |
||
| 260 |
_aDelhi _bA.I.C.B. _cRohini |
||
| 270 | _aA.I.C.B. Rohini, Delhi | ||
| 300 | _a12x13 | ||
| 490 | _v1 | ||
| 942 |
_2ddc _cBRLEN _kS _mBOS |
||